000 00988nam a2200289 i 4500
003 DO-SdBNP
005 20260505133243.0
007 ta
008 260505b2023 dr ||||| |||| 00| 0 spa d
020 _a9789945623253
040 _aDO-SdBNP
_bspa
_cBNPHU
_erda
041 _aspa
082 4 _axxx
_bxxx
_222
100 _aAbreu Polanco, Rhadys de,
_eautor
_4aut.
_989470
245 1 4 _aLos derechos humanos desde la diplomacia dominicana /
_cRhadys Abreu de Polanco ; cuidado de edición, Enrique Soldevilla Enríquez
250 _aprimera edición
264 _aSanto Domingo :
_bINESDYC,
_c2023.
300 _a371 páginas ;
_c23 cm.
336 _atexto
_btxt
_2rdacontent
337 _asin mediación
_bn
_2rdamedia
338 _avolumen
_bnc
_2rdacarrier
500 _aIncluye referencias bibliográficas y notas al pie de las páginas
590 _aInventariado, 2026/BT
700 _aSoldevilla Enríquez, Enrique,
_eeditor
_4ed.
_983038
910 _aBtavárez
942 _2ddc
_cLBS1
999 _c60664
_d60664